Does Mexico Have... - Statistics

General Stats
  • This quiz has been taken 21 times
  • The average score is 14 of 20
Answer Stats
Hint Explanation Answer % Correct
The Most Total Spanish Speakers Of Any Country There are 130 Million Mexican Spanish speakers, and only 60 Million Americans Yes
95%
Nuclear Weapons Mexico has never tried to develop nukes as far as I could tell No
90%
A Reptile On Its Flag The snake and eagle are part of Mexico City's founding legend Yes
90%
The Most Visited Beach On Earth Numbers are also hard to find but most sources think its Coney Island in New York No
81%
More Coastline Than Brazil 1,000 miles more Yes
81%
The Most Populated Capital On Earth Tokyo takes the cake here, by around 16M No
76%
Three Bordering Countries Mexico borders the United States, Belize and Guatemala Yes
76%
Top Five Highest Biodiversity On Earth Mexico is a megadiverse country, ranking fifth after Brazil, Indonesia, Colombia and China, in that order Yes
76%
A Modern Wonder Of The World Chichen Itza was voted a modern wonder of the world Yes
71%
The Most UNESCO Cultural Sites In The Western Hemisphere Despite straddling the Prime Meridian, Spain has about 20 more than Mexico does No
67%
An Official Language Besides Spanish Mexico actually doesn't have any official language No
67%
A Burrito As The National Dish Mexico does not have an official national dish No
67%
Better Dental Care Than The USA Surprisingly, this is true Yes
67%
The Biggest Airport In Latin America Mexico City airport serves 50 Million passengers every year Yes
67%
Fifty Million Annual Tourists Mexico is the 7th visited country on Earth, welcoming around 50M tourists each year Yes
67%
An Island Shared With The United States There is a "no-man's-island" in the Rio Grande, though No
62%
Daylight Savings Time Across The Entire Country Only Baja California and some other regions still do it No
52%
The Most Visited Archeological Site On Earth While it is hard to find numbers, most sources think it is either Stonehenge or the Great Pyramids No
52%
A Holiday Celebrating Tacos Día del Taco is celebrated on March 31st Yes
48%
A Direct LAND Border With Texas Mexico only borders Texas across the Rio Grande No
24%
No matching quizzes found
Score Distribution
Percent of People with Each Score
Percentile by Number Answered
Your Score History
You have not taken this quiz